| 000 | 00632nam a2200205 u 4500 | ||
|---|---|---|---|
| 005 | 20240228064319.0 | ||
| 008 | 171109s2006 r 000 0 eng d | ||
| 020 | _a1404274340 | ||
| 035 | _aUPN01000221547 | ||
| 049 | _aI | ||
| 050 | 4 |
_aPZ7 _bR6.92 |
|
| 100 | 1 |
_aRobbins, Eliza _942046 |
|
| 245 | 1 | 0 |
_aVivo en las montañas / _cEliza Robbins ; tr. José María Obregón. |
| 260 |
_aNew York : _bRosen Classroom Books & Materials, _cc2006. |
||
| 300 |
_a8 p. : _bprincipalmente. il. col. |
||
| 440 | 0 | _aRosen ral readers en español | |
| 650 | 4 |
_aLibros y lectura para niños _92290 |
|
| 905 | _aInfantil | ||
| 999 |
_c193644 _d193644 |
||